• 首页
  • 本馆介绍
  • 公告通知
  • 最新文献
  • 馆藏检索
  • 电子资源
  • 读者导购
  • 参考咨询
  • 我的图书馆
  • 登录
  • 详细信息显示
  • 放入我的书架
  • 预约/预借图书
  • 作者相关作品
  • 分类相关作品
  • 丛书相关作品
  • 出版社相关作品

书目信息

  • 表格格式
  • 工作单格式
  • 卡片格式
题名:
音韵学丛书
    
 
作者: 司马光 撰
分册: 十一   诗本音
出版信息: 成都   四川人民出版社  1957
页数: 1册
开本: 15.6*11.5cm
丛书名:
单 册:
中图分类: H11
科图分类:
主题词: 汉语--语音 , 汉语--音韵学
电子资源:
ISBN:
000 00805nam0 2200277 450
001 0653834531
005 20061019161933.56
010    @b线装@dCNY32.00(函)
100    @a20061019d1957 km y0chiy0120 ea
101 0  @achi
102    @aCN@b510000
102    @aCN@b510000
200 1  @a音韵学丛书@Ayin yun xue cong shu@h十一@i诗本音@h一@f(宋)司马光等撰@F(song)si ma guang deng zhuan
205    @b影印本
210    @a成都@c四川人民出版社@d1957
215    @a1册@d15.6*11.5cm
300    @a全套五十六册,八函,八至十三为第二函
300    @a水浸
305    @a四川人民出版社就渭南严氏成都校刊原版印行
517 1  @a诗本音@Ashi ben yin
606 0  @a汉语@x语音
606 0  @a汉语@x音韵学
690    @aH11@v3
701  0 @a司马光@Asi ma guang@4撰
801  0 @aCN@bPFT@c20061019
905    @a10447@dH11@e11:11
    
    音韵学丛书.十一.诗本音.一/(宋)司马光等撰.-影印本.-成都:四川人民出版社,1957
    1册;15.6*11.5cm
    全套五十六册,八函,八至十三为第二函.-水浸
    
    ISBN (线装):CNY32.00(函)
    
●
相关链接 在E读中查询图书 在五车中查询图书 在当当中查询图书 在豆瓣中查询图书


正题名:音韵学丛书     索取号:H11/11:11         预约/预借

序号 登录号 条形码 馆藏地/架位号 状态 备注
1 0265133   202406869   古籍典藏专区/ [索取号:H11/11:11] 在馆    
唐山师范学院图书馆 欢迎您!
大连网信软件有限公司© 版权所有